| LEADER 00000nam 2200000uu 4500 |
| 001 207444 |
| 003 ULIBM |
| 008 120627s2552||||th 000 0 tha d |
| 040 ^abcnkk.
|
| 060 0 วจ WY20.5 พ733ผ 2552
|
| 100 0 ^aพิริยากร คล้ายเพ็ชร...[และคนอื่นๆ].
|
| 245 00 ^aรายงานการวิจัย เรื่องผลการจัดการเรียนการสอนแบบบูรณาการสอดแทรกคุณธรรมจริยธรรมและการคิดอย่างเป็นระบบ วิชาการพยาบาลบุคคลที่มีปัญหาสุขภาพ 2 หัวข้อ การพยาบาลบุคคลทุกช่วงวัยที่มีการเจริญเติบโตผิดปกติของเซล/^cโดย พิริยากร คล้ายเพ็ชร...[และคนอื่นๆ].
|
| 260 ^aขอนแก่น:^bวิทยาลัยพยาบาลบรมราชชนนี ขอนแก่น,^c2552.
|
| 300 ^a74 หน้า.
|
| 650 0 ^aคุณธรรม,จริยธรรม--^xการศึกษาและการสอน.
|
| 650 0 ^aการคิดอย่างเป็นระบบ.
|
| 650 0 ^aการพยาบาลบุคคลทุกช่วงวัย.
|
| 650 0 ^aวิจัย.
|
| 700 0 ^aพิริยากร คล้ายเพ็ชร.
|
| 999 ^aใช้งานได้ทุกระบบ
|